| 000 | 02967 a2200265 4500 | ||
|---|---|---|---|
| 003 | UA-OsUOA | ||
| 005 | 20210819100244.0 | ||
| 008 | 210819b un ||||| |||| 00| 0 ukr d | ||
| 020 | _a9786177974306 | ||
| 040 |
_aUA-OsUOA _bukr _cUA-OsUOA _dUA-OsUOA |
||
| 041 | _aukr | ||
| 080 | _a347.122(477) | ||
| 090 |
_a347.122(477) _bЛ82 |
||
| 100 | _aЛуцька Г. В. | ||
| 110 | _aПриватний вищий навчальний заклад "Університет короля Данила" | ||
| 245 |
_aОхорона та захист цивільних прав громадян у зв'язку з тимчасовою окупацією частини території України _bмонографія _cГ. В. Луцька |
||
| 260 |
_aК. _bЛюдмила _c2020 |
||
| 300 | _a204 с. | ||
| 505 | 0 | 0 | _aЗміст 1. Законодавчі засади регулювання цивільних та цивільно-процесуальних відносин за участю громадян на тимчасово окупованій території України 2. Теоретико-методологічні засади дослідження охорони та захисту цивільних прав громадян на тимчасово окупованій території України 3. Реалізація цивільних прав жителями тимчасово окупованої території України в нотаріальному процесі 4. Охорона та захист цивільних прав жителів тимчасово окупованої території України у цивільному судочинстві |
| 520 | _aУ монографії представлене комплексне дослідження теоретичних і нормативних засад за практичних проблем охорони та захисту цивільних прав громадян у зв’язку з тимчасовою окупацією частини території України. Визначається місце тимчасової окупації в системі юридичних фактів цивільного права. Для науковців, викладачів, суддів, нотаріусів, практикуючих юристів, аспірантів, здобувачів вищої юридичної освіти, а також всіх, хто цікавиться проблемами охорони та захисту цивільних прав громадян на тимчасово окупованій території України. | ||
| 650 |
_2UDC _a347 Цивільне право |
||
| 942 |
_cBK _2udc |
||
| 955 | _a1 | ||
| 999 |
_c571294 _d571294 |
||